000 00322nam a22001337a 4500
008 181019b xxu||||| |||| 00| 0 eng d
020 _a9781929007257
041 _aeng
080 _a618
100 _a10
101 _aGYN
245 _aNetters Obstretrics Gynecology And Womens Health
_cSmith.R.P
942 _2udc
_cBK
999 _c50206
_d50206